000 00726nam a2200217 a 4500
005 20221202063557.0
008 181120s2017 es r 000 0 spa d
020 _a9788416922062 (Iberoamericana)
020 _a9783954875580 (Vervuert)
035 _aUPN01000227939
049 _aCG
050 4 _aHB3722
_bD5.7
245 0 0 _aDiscursos de la crisis :
_brespuestas de la cultura española ante nuevos desafíos /
_ced. Jochen Mecke.
260 _aMadrid :
_bIberoamericana :
_bVervuert,
_c2017.
300 _a298 p. :
_btablas
650 4 _aCrisis financiera mundial, 2008-2009
_919816
650 4 _aCULTURA -
_xASPECTOS ECONOMICOS -
_zESPAÑA
_927222
700 1 _aMecke, Jochen,
_eed.
905 _aLibro
999 _c200034
_d200034